Top 15 most powerful armies in Asia (2021) - Statistics

General Stats
  • This quiz has been taken 63 times
  • The average score is 14 of 15
Answer Stats
Hint Answer % Correct
2 China
100%
6 Pakistan
100%
1 Russia
100%
3 India
98%
9 Indonesia
96%
8 Iran
94%
5 South Korea
94%
7 Turkey
94%
4 Japan
91%
10 Saudi Arabia
91%
13 Vietnam
91%
15 North Korea
87%
11 Israel
83%
14 Thailand
83%
12 Taiwan
74%
No matching quizzes found
Score Distribution
Percent of People with Each Score
Percentile by Number Answered
Your Score History
You have not taken this quiz